Simpang 302 (Record no. 133013)

MARC details
000 -LEADER
fixed length control field 00648nam a2200241 i 4500
001 - CONTROL NUMBER
control field C2-0334547
003 - CONTROL NUMBER IDENTIFIER
control field PPAK
005 - DATE AND TIME OF LATEST TRANSACTION
control field 20180728134329.0
008 - FIXED-LENGTH DATA ELEMENTS--GENERAL INFORMATION
fixed length control field 151108s2015 my |||| ||||| | may d
020 ## - INTERNATIONAL STANDARD BOOK NUMBER
International Standard Book Number 9789834615956
040 ## - CATALOGING SOURCE
Original cataloging agency PPAK
Language of cataloging eng
Transcribing agency PPAK
Description conventions rda
082 04 - DEWEY DECIMAL CLASSIFICATION NUMBER
Classification number 899.233
Edition number 23
090 00 - LOCALLY ASSIGNED LC-TYPE CALL NUMBER (OCLC); LOCAL CALL NUMBER (RLIN)
Classification number (OCLC) (R) ; Classification number, CALL (RLIN) (NR) 899.233
Feature heading RAD
Feature heading G
100 0# - MAIN ENTRY--PERSONAL NAME
Personal name Radzemah Bolhassan,
Dates associated with a name 1975-
Relator term author
245 10 - TITLE STATEMENT
Title Simpang 302
264 #1 - PRODUCTION, PUBLICATION, DISTRIBUTION, MANUFACTURE, AND COPYRIGHT NOTICE
Place of production, publication, distribution, manufacture Kuala Lumpur :
Name of producer, publisher, distributor, manufacturer Dewan Bahasa dan Pustaka ,
Date of production, publication, distribution, manufacture, or copyright notice 2015
300 ## - PHYSICAL DESCRIPTION
Extent 206 pages ;
Dimensions 18 cm
336 ## - CONTENT TYPE
Source rdacontent
Content type term text
337 ## - MEDIA TYPE
Source rdamedia
Media type term unmediated
338 ## - CARRIER TYPE
Source rdacarrier
Carrier type term volume
650 10 - SUBJECT ADDED ENTRY--TOPICAL TERM
Topical term or geographic name entry element Malay fiction.
942 ## - ADDED ENTRY ELEMENTS (KOHA)
-- dc
Koha item type Book
Holdings
Withdrawn Not for loan Current library Shelving location Date acquired Full call number Barcode Date last seen Koha item type Total Checkouts Date last checked out
    Perpustakaan Alor Setar Pinjaman Dewasa 17/11/2015 899.233 RAD A01472653 04/01/2020 Book 3 18/12/2019
    Perpustakaan Alor Setar Pinjaman Dewasa 17/11/2015 899.233 RAD A01472654 09/05/2018 Book    
    Perpustakaan Baling Pinjaman Dewasa 17/11/2015 899.233 RAD A01472661 09/05/2018 Book    
    Perpustakaan Bandar Baharu Pinjaman Dewasa 17/11/2015 899.233 RAD A01472662 09/05/2018 Book    
    Perpustakaan Jitra Pinjaman Dewasa 17/11/2015 899.233 RAD A01472656 09/05/2018 Book    
    Perpustakaan Kuala Nerang Pinjaman Dewasa 17/11/2015 899.233 RAD A01472663 09/05/2018 Book    
    Perpustakaan Kulim Pinjaman Dewasa 17/11/2015 899.233 RAD A01472658 09/05/2018 Book    
    Perpustakaan Langkawi Pinjaman Dewasa 17/11/2015 899.233 RAD A01472657 15/01/2025 Book 2 26/12/2024
    Perpustakaan Merbok Pinjaman Dewasa 17/11/2015 899.233 RAD A01472665 09/05/2018 Book    
    Perpustakaan Pendang Pinjaman Dewasa 17/11/2015 899.233 RAD A01472666 09/05/2018 Book    
    Perpustakaan Sik Pinjaman Dewasa 17/11/2015 899.233 RAD A01472660 09/05/2018 Book    
    Perpustakaan Yan Pinjaman Dewasa 17/11/2015 899.233 RAD A01472659 09/05/2018 Book    
    PD15, Kg. Naga, Kepala Batas Pinjaman Dewasa 17/11/2015 899.233 RAD A01472671 09/05/2018 Book    
    PD35, Kg. Sungai Daun, Yan Pinjaman Dewasa 17/11/2015 899.233 RAD A01472667 09/05/2018 Book    
    PD35, Kg. Sungai Daun, Yan Pinjaman Dewasa 17/11/2015 899.233 RAD A01472664 09/05/2018 Book    
    PD36, Kg. Kuala Lanjut, Kota Star Pinjaman Dewasa 17/11/2015 899.233 RAD A01472668 09/05/2018 Book    
    PD37, Kg. Belat, Pendang Pinjaman Dewasa 17/11/2015 899.233 RAD A01472669 09/05/2018 Book    
    PD38, KEDA Tanjung Setol, Pendang Pinjaman Dewasa 17/11/2015 899.233 RAD A01472670 09/05/2018 Book    
    PD39, Felda Bukit Tembaga, Kuala Nerang Pinjaman Dewasa 17/11/2015 899.233 RAD A01472672 09/05/2018 Book